|
|
|
|
| LEADER |
00000nab a2200000 a 4500 |
| 001 |
vtls000548624 |
| 003 |
SK-MaSNL |
| 005 |
20260304085330.0 |
| 008 |
250425c1994 xo 0 slo |
| 015 |
|
|
|a SNBRB19rr/mm-uuuuu
|
| 035 |
|
|
|a CL0548762
|
| 035 |
|
|
|a urn:nbn:sk:snk-ab1xjc
|
| 035 |
|
|
|a (urnnbn)urn:nbn:sk:snk:ar-a016rh
|
| 035 |
|
|
|a (uuid)0d3e1ea8-3d1b-4f0f-8e33-7671cc4fe588
|
| 040 |
|
|
|a SNKBUCL
|b slo
|c SNKBUCL
|e AACR2
|
| 041 |
0 |
|
|a slo
|
| 044 |
|
|
|a xo
|c SK
|
| 080 |
|
|
|a 911.2(437.6):551.4
|2 1981
|
| 080 |
|
|
|a 551.4
|2 1981
|
| 080 |
|
|
|a 914.376
|2 1981
|
| 100 |
1 |
|
|a Stankoviansky, Miloš,
|d 1947-2024
|4 aut
|9 210206
|
| 245 |
1 |
0 |
|a Morfoštruktúrne jednotky Trnavskej pahorkatiny v širšom zázemí Jaslovských Bohuníc a ich vývoj
|c Miloš Stankoviansky
|
| 300 |
|
|
|b Obr. 3, res. angl., lit. 44 zázn. v angl., češ., ruš., slov.
|
| 650 |
0 |
7 |
|a Trnavská pahorkatina (Slovensko)
|2 snkbucl
|9 962043
|
| 650 |
0 |
7 |
|a morfoštruktúra
|2 snkbucl
|9 1378669
|
| 655 |
|
7 |
|a články z novín a časopisov
|2 snkbucl
|9 267496
|
| 773 |
0 |
|
|t Geografický časopis
|g Roč. 46, č. 4 (1994), s. 383-398
|x 0016-7193
|
| 850 |
|
|
|a Slovenská národná knižnica
|
| 852 |
|
|
|a Slovenská národná knižnica
|
| 954 |
|
|
|a odborná, vedecká literatúra pôvodná (slovenská)
|2 lita
|
| 958 |
|
|
|a article27
|
| 958 |
|
|
|a NB
|
| 958 |
|
|
|a RK
|
| 958 |
|
|
|a SK
|
| 958 |
|
|
|a OND
|
| 958 |
|
|
|a EUIPO
|
| 992 |
|
|
|a RBX
|
| 999 |
|
|
|c 2807549
|d 2809479
|